| 000 | 00850nam a2200241 a 4500 | ||
|---|---|---|---|
| 003 | MX-MxUPN | ||
| 005 | 20240924092837.0 | ||
| 008 | 991125s1918 mad 000 0 spa u | ||
| 035 | _aUPN01000020646 | ||
| 040 |
_aMX-MxUPN _bspa _cMX-MxUPN |
||
| 041 | 0 | _aspa | |
| 050 | 4 |
_aLB875 _bD3.68 |
|
| 100 | 1 |
_aDewey, John, _d1859-1952 _928071 |
|
| 100 | 1 |
_aDewey, Evelyn, _d1889-1965 _952192 |
|
| 245 | 1 | 4 | _aLas escuelas de mañana |
| 260 |
_aMadrid : _bSucesores de Hernando, _c1918. |
||
| 300 | _a311 páginas | ||
| 650 | 4 |
_aEducación _zEstados Unidos _9803 |
|
| 700 | 1 |
_aLuzuriaga, Lorenzo, _d1889-1959 _etraducción _930333 |
|
| 710 | 1 |
_aMéxico. _bDirección General de Educación Primaria _928131 _epropietario anterior |
|
| 710 | 1 |
_aMéxico. _bSecretaría de Educación Pública. _bBiblioteca Pública _951349 _epropietario anterior |
|
| 942 |
_2lcc _cLIBRO |
||
| 999 |
_c20646 _d20646 |
||